VISUAL C++ 6: [пер. с англ.]

Bibliographic Details
Main Author: Холзнер С. Стивен
Summary:Данный курс состоит из 14 уроков, последовательно описывающих приемы работы с Visual C++, которыми необходимо овладеть каждому, кто хочет создать собственную программу. Книга начинается с простейшей задачи — создания интерфейса приложения, а заканчивается разделами, посвященными программированию для Интернета и разработке элементов управления Active X. Приводятся полные тексты листингов с подробными комментариями. Данную книгу можно рекомендовать в качестве учебного пособия студентам факультетов вычислительной техники, а также всем желающим научиться программировать, используя Visual C++.
Language:Russian
Published: СПб., Питер, 2008
Series:Учебный курс
Subjects:
Format: Book
KOHA link:https://koha.lib.tpu.ru/cgi-bin/koha/opac-detail.pl?biblionumber=146142

MARC

LEADER 00000nam0a2200000 4500
001 146142
005 20231101221213.0
010 |a 9785469007807 
035 |a (RuTPU)RU\TPU\book\158409 
035 |a RU\TPU\book\43254 
035 |a RU\TPU\book\97362 
090 |a 146142 
100 |a 20060215d2008 m y0rusy50 ca 
101 1 |a rus  |c eng 
102 |a RU 
105 |a a j 001zy 
200 1 |a VISUAL C++ 6  |e [пер. с англ.]  |f С. Холзнер 
210 |a СПб.  |c Питер  |d 2008 
215 |a 569 с.  |c ил. 
225 1 |a Учебный курс 
320 |a Алф. указ.: с. 565-569. 
330 |a Данный курс состоит из 14 уроков, последовательно описывающих приемы работы с Visual C++, которыми необходимо овладеть каждому, кто хочет создать собственную программу. Книга начинается с простейшей задачи — создания интерфейса приложения, а заканчивается разделами, посвященными программированию для Интернета и разработке элементов управления Active X. Приводятся полные тексты листингов с подробными комментариями. Данную книгу можно рекомендовать в качестве учебного пособия студентам факультетов вычислительной техники, а также всем желающим научиться программировать, используя Visual C++. 
606 1 |a Visual C++  |x Язык программирования   |2 stltpush  |3 (RuTPU)RU\TPU\subj\67467  |9 83252 
610 1 |a программирование 
610 1 |a языки программирования 
610 1 |a Visual C++ 6 
610 1 |a учебные пособия 
610 1 |a ActiveX 
675 |a 681.3.06:800.92(07)  |v 3 
700 1 |a Холзнер  |b С.  |g Стивен 
801 1 |a RU  |b 63413507  |c 20081027  |g PSBO 
801 2 |a RU  |b 63413507  |c 20160115  |g PSBO 
942 |c BK 
959 |a 94/20081023  |d 2  |e 198,00  |f ЧЗТЛ:1  |f АНЛ:1